| 000 | 03383cam a22004458i 4500 | ||
|---|---|---|---|
| 001 | 22223236 | ||
| 003 | OSt | ||
| 005 | 20260204165004.0 | ||
| 008 | 210907s2022 enk b 001 0 eng | ||
| 010 | _a 2021036450 | ||
| 020 |
_a9781350105409 _q(hb) |
||
| 020 |
_a9781350105393 _q(pb) |
||
| 020 |
_z9781350105416 _q(epdf) |
||
| 020 |
_z9781350105423 _q(ebook) |
||
| 035 | _a22223236 | ||
| 040 |
_beng _cFoundation University _erda |
||
| 042 | _apcc | ||
| 043 | _ae------ | ||
| 050 | 0 | 0 |
_aCB 204 _b.2022 G35 |
| 100 | 1 |
_aGalaty, David H. _q(David Holt), _d1942- _eauthor. _914510 |
|
| 245 | 1 | 0 |
_aModern European intellectual history : _bindividuals, groupings, and technological change, 1800-2000 / _cDavid Galaty. |
| 246 | 3 | 0 | _aIndividuals, groupings, and technological change, 1800-2000 |
| 263 | _a2202 | ||
| 264 | 1 |
_aLondon ; _aNew York : _bBloomsbury Academic, _c2022. _42022. |
|
| 300 |
_axxi, 410 pages : _billustrations ; _c23 cm. _3resource _fvolume |
||
| 336 |
_atext _btxt _2rdacontent |
||
| 337 |
_aunmediated _bn _2rdamedia |
||
| 338 |
_avolume _bnc _2rdacarrier _3resource |
||
| 504 | _aIncludes bibliographical references and index. | ||
| 520 |
_a"This non-technical introduction to modern European intellectual history traces the evolution of ideas in Europe from the turn of the 19th century to the modern day. Placing particular emphasis on the huge technological and scientific change that has taken place over the last two centuries, David Galaty shows how intellectual life has been driven by the conditions and problems posed by this world of technology. In everything from theories of beauty to studies in metaphysics, the technologically-based modern world has stimulated a host of competing theories and intellectual systems, often built around the opposing notions of 'the power of the individual' versus collectivist ideals like community, nation, tradition and transcendent experience. In an accessible, jargon-free style, Modern European Intellectual History unpicks these debates and historically analyses how thought has developed in Europe since the time of the French Revolution. Among other topics, the book explores: * The Kantian Revolution * Feminism and the Suffrage Movement * Socialism and Marxism * Nationalism * Structuralism * Quantum theory * Developments in the Arts * Postmodernism * Big Data and the Cyber Century Highly illustrated with 80 images and 10 tables, and further supported by an online Instructor's Guidet, this is the most important student resource on modern European intellectual history available today"-- _cProvided by publisher. |
||
| 650 | 0 |
_aTechnology _xSocial aspects _zEurope _xHistory. _914511 |
|
| 651 | 0 |
_aEurope _xCivilization _y19th century. _914512 |
|
| 651 | 0 |
_aEurope _xCivilization _y20th century. _914513 |
|
| 651 | 0 |
_aEurope _xIntellectual life _y19th century. _914514 |
|
| 651 | 0 |
_aEurope _xIntellectual life _y20th century. _914515 |
|
| 658 |
_aPolitical Science, Master of Arts in : _bEuropean Politics ; _cPOL334 |
||
| 776 | 0 | 8 |
_iOnline version: _aGalaty, David H. (David Holt), 1942- _tModern European intellectual history _dLondon ; New York : Bloomsbury Academic, 2022 _z9781350105416 _w(DLC) 2021036451 |
| 856 |
_uhttps://drive.google.com/file/d/1DbxZ5YrfOR7BLJSGoNelMYaJURZ2jy-x/view?usp=sharing _yClick here to view the table of content |
||
| 942 |
_2lcc _cBK _hCB 204 _i.2022 G35 _k(CAS-PS) |
||
| 999 |
_c5507 _d5507 |
||